000 00438cam a2200181ua 4500
020 _c5.50
041 _ahin
_h
082 _a891.54
_bSUR/AM
100 _aSurendra singh, Neroola .
245 _aAmruth vela /
_cSurendra singh neroola.
_hTextual Documents
250 _a1 /
_b.
260 _aDelhi :
_bRajkamal Prakashan ,
_c1961.
300 _a242 ; .
365 _a5.50
504 _a
942 _cBK
999 _c8474
_d8474